|
|
|
|
| LEADER |
01716cas a2200253 a 4500 |
| 001 |
AALejournalIMF007339 |
| 008 |
230101c9999 xx r poo 0 0eng d |
| 020 |
|
|
|c 5.00 USD
|
| 020 |
|
|
|z 9781451929096
|
| 022 |
|
|
|a 1018-5941
|
| 040 |
|
|
|a BD-DhAAL
|c BD-DhAAL
|
| 100 |
1 |
|
|a Masson, Paul.
|
| 245 |
1 |
4 |
|a The Mexican Peso Crisis :
|b Overview and Analysis of Credibility Factors /
|c Paul Masson, Pierre-Richard Agenor.
|
| 264 |
|
1 |
|a Washington, D.C. :
|b International Monetary Fund,
|c 1996.
|
| 300 |
|
|
|a 1 online resource (36 pages)
|
| 490 |
1 |
|
|a IMF Working Papers
|
| 500 |
|
|
|a <strong>Off-Campus Access:</strong> No User ID or Password Required
|
| 500 |
|
|
|a <strong>On-Campus Access:</strong> No User ID or Password Required
|
| 506 |
|
|
|a Electronic access restricted to authorized BRAC University faculty, staff and students
|
| 520 |
3 |
|
|a This paper examines credibility and reputational factors in explaining the December 1994 crisis of the Mexican peso. After reviewing events leading to the crisis, a model emphasizing the inflation-competitiveness trade-off is presented to explain the formation of devaluation expectations. Estimation results indicate that investors appear to have seriously underestimated the risk of devaluation, despite early warning signals. The collapse of confidence that followed the December 20 devaluation may have been the result of a shift in the perceived commitment of the authorities to exchange rate stability.
|
| 538 |
|
|
|a Mode of access: Internet
|
| 700 |
1 |
|
|a Agenor, Pierre-Richard.
|
| 830 |
|
0 |
|a IMF Working Papers; Working Paper ;
|v No. 1996/006
|
| 856 |
4 |
0 |
|z Full text available on IMF
|u http://elibrary.imf.org/view/journals/001/1996/006/001.1996.issue-006-en.xml
|z IMF e-Library
|